[Event "FRA-chT3 Gr01 0607"]
[Site "France"]
[Date "2006.12.10"]
[Round "4.3"]
[White "Chevalier, Christian"]
[Black "Rouchouse, Stevens"]
[Result "1/2-1/2"]
[WhiteElo "2080"]
[BlackElo "2185"]
[PlyCount "38"]
[EventDate "2006.10.15"]
[EventType "team"]
[EventRounds "9"]
[EventCountry "FRA"]
[SourceTitle "EXT 2008"]
[Source "ChessBase"]
[SourceDate "2007.11.25"]
[SourceVersion "1"]
[SourceVersionDate "2007.11.25"]
[SourceQuality "1"]

1. e4 c5 2. Nf3 e6 3. d4 cxd4 4. Nxd4 a6 5. c4 Nf6 6. Nc3 d6 7. Be2 Bd7 8. Be3 Nc6 9. 0-0 Nxd4 10. Bxd4 Bc6 11. Qc2 Rc8 12. Rad1 Be7 13. f4 0-0 14. f5 Qa5 15. Kh1 e5 16. Be3 b5 17. Qd2 Qd8 18. cxb5 axb5 19. Bf3 Qd7 1/2-1/2